| 000 | 00645ngm a2200253 4500 | ||
|---|---|---|---|
| 005 | 20220603093541.0 | ||
| 006 | a|||||r|||| 00| | | ||
| 008 | 160218b xxu||||| |||| 00| 0 spa d | ||
| 041 | _aspa | ||
| 082 | _a205 DVD | ||
| 100 |
_aCamargo Restrepo, Jorge _942766 |
||
| 245 | _aOrganización y manejo del negocio I. Volumen III | ||
| 260 | _aMéxico | ||
| 260 | _bDacar | ||
| 260 | _c2003 | ||
| 300 | _a30 minutos | ||
| 650 |
_aMARKETING _92507 |
||
| 650 |
_aMERCADEO _9270 |
||
| 650 |
_aPLAN DEL NEGOCIO _916667 |
||
| 650 |
_aCOMUNICACIÓN _9490 |
||
| 650 |
_aPUBLICIDAD _9494 |
||
| 650 |
_aPRODUCCIÓN _9706 |
||
| 942 | _cDVD | ||
| 999 |
_c9448 _d9448 |
||